000 00682nam a2200277Ia 4500
005 20260324123611.0
008 008 260324s9999 xx 000 0 eng d
020 _a9781315238951
037 _aEBOOK
040 _aCRL
040 _beng
040 _cCRL
041 _2eng
041 _aeng
084 _qCRL
100 _aCharles E. Brewer
_91170928
245 4 _aThe Instrumental Music of Schmeltzer, Biber, Muffat and their Contemporaries
260 _bTaylor and Francis
260 _c2011
365 _a
365 _b240
856 _uhttp://www.taylorfrancis.com/books/9781315238951
942 _cEBOOK
999 _c1764599
_d1764599